Регионална библиотека "Любен Каравелов" - Русе

Нова книга за операта (Запис номер 95154)

MARC детайли
000 -Лидер
Контролно поле с фиксирана дължина 02056nam a2200409 c 4500
003 - Код на организацията, давaща контролен номер
Контролно поле BLK
005 - Дата и час на последна редакция
Контролно поле 20240403005405.0
008 - Елементи от данни с фиксирана дължина
fixed length control field 180408b bul|||||r ||||||| ||bul||
010 ## - Наследен системен номер
LC control number KNG00100005000
020 ## - Международен стандартен номер на книга ISBN
Международен стандартен номер на книга ISBN 954-9550-59-1
-- издат.: Гея-Либрис - на том(ч. 1)
040 ## - Източник на каталожния запис
Идентификатор на билиотеката - собственик на записа BLK
041 ## - Код за език
Код за езика на текст/звукозапис или на отделно заглавие Български
Код за езика КДБФ Български
080 ## - УДК
Текстов определител УДК Опера. Музикална драма. Романтична опера. Опера-приказка
УДК код - определител по УДК 782.1
УДК определител (035)
УДК - код + определител 782.1(035)
080 ## - УДК
Текстов определител УДК Музиканти-творци, композитори
УДК код - определител по УДК 78.071.1
УДК определител (092)(035)
УДК - код + определител 78.071.1(092)(035)
080 ## - УДК
Текстов определител УДК Биографии
УДК код - определител по УДК 929
УДК определител (100)
УДК - код + определител 929(100)
100 ## - Редна дума - Автор
Автор Стамболиев, Огнян Тодоров
Дати, свързани с автора 1947-
Автор - информация (биография) Филолог, журналист, преводач
R(LIN) 365958
139 ## - Редно поле
Редна дума Стамболиев, Огнян Тодоров
Авторски знак Стамбо - С 65
245 10 - Сведения за заглавието
Заглавие Нова книга за операта
Подзаглавни данни От Монтеверди до Бритън или 230 опери от 100 композитори : Ч. 1 - 2
Редно поле (дума) Огнян Тодоров Стамболиев; под ред. на Румен Нейков.
Том Ч. 1
Заглавие на том Адам - Монтеверди
257 ## - Страна на издаване
Страна на създаване/издаване България
260 ## - Област на издателските данни
-- София
Година на издаване 2001 -
Печатница София : Образование и наука
300 ## - Физическа характеристика
Размери/Мащаб 24 см
380 ## - Жанр
Жанр Изкуство
650 #4 - Допълнително описание по предмет – тема
Основно описание – тема или топоним Опери
9 (RLIN) 165041
650 #4 - Допълнително описание по предмет – тема
Основно описание – тема или топоним Музика - история
9 (RLIN) 249453
650 #4 - Допълнително описание по предмет – тема
Основно описание – тема или топоним Композитори - биографии
9 (RLIN) 246095
653 ## - Ключова дума – ненормативна
Ключова дума музика
653 ## - Ключова дума – ненормативна
Ключова дума опери
653 ## - Ключова дума – ненормативна
Ключова дума композитори
700 1# - Други автори (авторска отговорност)
Лично име Нейков, Румен
Автороска отговорност (Описва отношението между автора и произведението) под ред. на
9 (RLIN) 364568
760 1# - Описание на основната серия
-- - на том(ч. 1)
Редна дума на основното описание Стамболиев, Огнян Тодоров
Място на издаване, издател и година Гея-Либрис, 2001
Страници - том 280 с.
Забележка - том Съдържа и Малък оперен речник. - Азб. показалец на оперите
Заглавие Ч. 1 Адам - Монтеверди
852 ## - Местоположение
Форматна сигнатура Цб 210516
856 4# - Електронен адрес и достъп
Електронен формат pdf - файл
Път до файла /url/
856 4# - Електронен адрес и достъп
Електронен формат pdf - файл
Път до файла /url/
942 ## - АРТИКУЛИ
Вид на библиотечния материал Книги
Скрит в OPAC Не
Koha issues (borrowed), all copies 9
944 ## - СЪЗДАВАНЕ И РЕДАКЦИЯ на ЗАПИСА
Създаване/Редакция Създаване
Дата на регистрацията/редакция 01.01.2001
Служител, извършил регистрацията/редакцията
Статус, дата на статуса CRON CRON
944 ## - СЪЗДАВАНЕ И РЕДАКЦИЯ на ЗАПИСА
Създаване/Редакция Редакция
Дата на регистрацията/редакция 26.06.2012
Служител, извършил регистрацията/редакцията
999 ## - СИСТЕМНИ КОНТРОЛНИ НОМЕРА
Koha biblionumber 95154
Koha biblioitemnumber 95154
Наличности
Код за отписване Код за изгубен артикул Източник на класификационната схема Код за повреда Коз за рестрикции Код за отдаване Артикулен № Име на библиотеката - собственик Име на библиотеката, в която се намира в момента Статус (Текущо местоположение) Дата на вписване в системата Местоположение - отдел Цена в лева Инвентарен номер Систематично азбучна сигнатура Баркод Номер на екземпляра Цена в евро Служебна бележка Служебен тип на артикула
  Не е изгубен Universal Decimal Classification Не е повреден без рестрикции заемане за дома 152814 Регионална библиотека "Любен Каравелов" Русе Регионална библиотека "Любен Каравелов" Русе Отдел Изкуство - подръчен фонд 2001-11-28 Отдел Изкуство - подръчен фонд 13.90 668250 782.1(092)/С 65 120000668250 1 7.11 Дост: Pk Вид: Ф N: 47 Дата: 28.11.2001 Дата инв: 15.11.2016 Бележки инв: * Книги
  Не е изгубен Universal Decimal Classification Не е повреден без рестрикции заемане за дома 152815 Регионална библиотека "Любен Каравелов" Русе Регионална библиотека "Любен Каравелов" Русе Отдел Изкуство - подръчен фонд 2001-11-27 Отдел Изкуство - подръчен фонд 13.90 668312 782.1(092)/С 65 120000668312 2 7.11 Дост: Pk Вид: Ф N: 6567 Дата: 27.11.2001 Дата инв: 05.04.2017 Бележки инв: ИП2017 Книги
  Не е изгубен Universal Decimal Classification Не е повреден само за читалня ползва се в читалня 152816 Регионална библиотека "Любен Каравелов" Русе Регионална библиотека "Любен Каравелов" Русе Хранилище 2002-11-08 Хранилище 9.90 120000673219 Цб 210516 120000673219 3 5.06 Дост: Dp Вид: Д N: 12 Дата: 12.03.2002 Книги
  Не е изгубен   Не е повреден без рестрикции заемане за дома 152817 Регионална библиотека "Любен Каравелов" Русе Регионална библиотека "Любен Каравелов" Русе Детски отдел 2002-12-20 Детски отдел 13.90 120000674121 Д 78/С 65 120000674121 4 7.11 Дост: Pk Вид: Ф N: 8603 Дата: 19.12.2002 Дата инв: 20.08.2015 Бележки инв: Д2015 Книги
Изтеглен Не е изгубен Universal Decimal Classification Не е повреден без рестрикции заемане за дома 152818 Регионална библиотека "Любен Каравелов" Русе Регионална библиотека "Любен Каравелов" Русе Отдел Изкуство - подръчен фонд 2007-12-20 Отдел Изкуство - подръчен фонд 9.90 120000721318 782.1(092)/С 65 120000721318 5 5.06 Дост: Pk Вид: Ф N: 13341 Дата: 17.12.2007 Дата инв: 05.04.2017 Бележки инв: ИП2017 Книги
  Не е изгубен Universal Decimal Classification Не е повреден без рестрикции заемане за дома 152819 Регионална библиотека "Любен Каравелов" Русе Регионална библиотека "Любен Каравелов" Русе Отдел Изкуство - подръчен фонд 2007-12-20 Отдел Изкуство - подръчен фонд 9.90 120000721319 782.1(092)/С 65 120000721319 6 5.06 Дост: Pk Вид: Ф N: 13341 Дата: 17.12.2007 Дата инв: 06.04.2017 Бележки инв: ИП2017 Книги
Vip Innovations Ltd, Rousse, Bulgaria 2025